000 00348nam a2200121Ia 4500
005 20260326100040.0
008 260326s9999||||xx |||||||||||||| ||und||
100 _aBoericke, Art
245 0 _aHandmade Houses :
_b A Guide to the woodbutcher's art /
_cArt Boericke
260 _bA & W Visual Library
650 _aARQUITECTURA RESIDENCIAL
942 _cBK
999 _c6957
_d6957